Inventions et découvertes françaises, belges ou suisses ? - Statistiques

Statistiques générales
  • Ce quiz a été pris 72 fois
  • Le résultat moyen est 25 sur 45
Statistiques - réponses
Hint Explanation Réponse % Correct
La montre Swatch Nicolas Hayek (1928-2010) Suisse
98%
Le test de dépistage du SIDA Institut Pasteur France
85%
La photographie Nicéphore Niepce (1765-1833) France
83%
L'écriture braille Louis Braille (1809-1852) France
83%
La carte à puce Roland Moreno (1945-2012) France
83%
Le parachute Louis-Sébastien Lenormand (1757-1837) France
83%
L'aspirine Charles Gerhardt (1816-1856) France
80%
L'Eau de Javel Claude-Louis Berthollet (1748-1822) France
80%
Le stéthoscope René Laënnec (1781-1826) France
78%
Le mètre ruban Alexis Lavigne (1812-1886) France
78%
La clémentine Vital Rodier dit Frère Clément (1839-1904) France
78%
La piste de bobsleigh Caspar Badrutt (1848-1904) Suisse
75%
La rustine Louis Rustin (1880-1954) France
73%
Le pistolet à peinture Alexandre-Ferdinand Godefroy (1852-1933) France
72%
La Croix Rouge Henry Dunant (1828-1910) Suisse
72%
Le cinématographe Auguste (1862-1954) et Louis Lumière (1864-1948) France
68%
Le fromage fondu Max Morgenthaler (1901-1980) Suisse
68%
La boite de conserve Nicolas Appert (1749-1841) France
67%
L'antivol Neiman (1893-1967) Abram Neiman France
63%
Les restaurants Quick François Vaxelaire (1921-1990) Belgique
62%
La capsule de café Eric Favre Suisse
60%
Le remonte-pente Ernst Gustav Constam (1888-1965) Suisse
53%
L'asphalte Edward De Smedt Belgique
52%
Le saxophone Adolphe Sax (1814-1894) Belgique
50%
Le stent coronarien Hans Wallsten Suisse
50%
La dynamo Zénobe Gramme (1826-1901) Belgique
47%
Le velcro Georges de Mestral (1907-1990) Suisse
47%
La fermeture éclair Martin Winterhalter (1889-1961 Suisse
45%
Virus Ebola Peter Piot (1949-) Belgique
43%
Le plastique Léo Baekeland (1863-1944) Belgique
43%
La brosse à dent électrique Philippe-Guy Woog (?-2018) Suisse
42%
Le tramway Charles van de Poele (1846-1892) Belgique
40%
Le moteur à deux temps Etienne Lenoir (1822-1900) Belgique
38%
L'atlas Gérard Mercator (1512-1594) Belgique
38%
La théorie du big bang Georges Lemaître (1894-1966) Belgique
38%
Le cricket Vieux jeu flamand Belgique
33%
Le format JPEG Ingrid Daubechies (1954-) Belgique
33%
Le café soluble Max Morgenthaler (1901-1980) Suisse
33%
L'extrait de bouillon Julius Maggi (1846-1912) Suisse
33%
Le lait en poudre Henri Nestlé (1814-1890) Suisse
32%
La sonnette électrique Polydor Lippens (1810-1889) Belgique
30%
Le LSD Albert Hofmann (1906-2008) Suisse
25%
Le Club Med Gérard Blitz (1912-1990) Belgique
23%
ADN Friedrich Miescher (1844-1895) Suisse
20%
Les patins à roulettes Jean-Joseph Merlin (1735-1803) Belgique
15%
Aucun quiz correspondant
Distribution des résultats
% des personnes avec chaque résultat
Percentile par nombre de réponses
Votre historique - résultats
Vous n’avez pas pris ce quiz